| 000 | 01287cam a2200325 a 4500 | ||
|---|---|---|---|
| 999 |
_c130077 _d130077 |
||
| 001 | 1613526 | ||
| 003 | ARRUPE | ||
| 005 | 20191126110127.0 | ||
| 008 | 950330s1994 mz ab b i000 0 eng | ||
| 010 | _a 94981824 | ||
| 040 |
_aDLC _cDLC _dDLC |
||
| 042 | _alcode | ||
| 043 | _af-mz--- | ||
| 050 | 0 | 0 |
_aHV801.M852 _bS58 1994 |
| 245 | 0 | 4 |
_aThe situation of children and women in Mozambique. _cMozambique Ministry of Cooperation |
| 260 |
_aMaputo : _aGovt. of Mozambique, Ministry of Cooperation : _bNational Planning Commission : _bUNICEF, _c[1994] |
||
| 300 |
_axxv, 166 p. : _bill., map ; _c26 cm. |
||
| 500 | _a"February 1994." | ||
| 504 | _aIncludes bibliographical references (p. [161]-165). | ||
| 650 | 0 |
_aChild welfare _zMozambique. _948805 |
|
| 650 | 0 |
_aMaternal and infant welfare _zMozambique. _948806 |
|
| 650 | 0 |
_aChildren _xHealth and hygiene _zMozambique. _948807 |
|
| 650 | 0 |
_aWomen _xHealth and hygiene _zMozambique. _948808 |
|
| 710 | 1 |
_aMozambique. _bMinistério da Cooperação. _948809 |
|
| 710 | 1 |
_aMozambique. _bComissão Nacional do Plano. _948810 |
|
| 710 | 2 |
_aUNICEF. _934658 |
|
| 906 |
_a7 _bcbc _corigode _d3 _encip _f19 _gy-gencatlg |
||
| 942 |
_2lcc _cMONOGRAPH |
||